000 00340nam a2200145Ia 4500
005 20250325063803.0
008 240331s9999 xx 000 0 und d
082 _bSID
_a894
100 _aSiddeek, N
245 0 _aValkaiyin shuvadukal
260 _aColombo
_bP.S. Sundaram & Sons
_c1987
300 _a59 p .,
650 _aNovel
942 _cL
999 _c4096
_d4096